All KATSEYE Songs (until Gameboy) - Statistics

General Stats
  • This quiz has been taken 185 times
  • The average score is 10 of 11
Answer Stats
Answer % Correct
Gnarly
99%
Touch
98%
Debut
97%
Gabriela
91%
Gameboy
91%
M.I.A
91%
Mean Girls
88%
My Way
87%
Tonight I Might
77%
I’m Pretty
75%
Flame
58%
No matching quizzes found
Score Distribution
Percent of People with Each Score
Percentile by Number Answered
Your Score History
You have not taken this quiz